Statistics for Every Kent Parish (With Map)

Click here to take the quiz!

General Stats

  • This quiz has been taken 303 times
  • The average score is 59 of 326

Answers on the Map

Answers color-coded by a green-red scale on the quiz's map according to % correct below.
 

Answer Stats

Answers% Correct
Dover
85%
Norton, Buckland and Stone
77%
Ash
68%
Folkestone
63%
Sevenoaks
63%
Ramsgate
59%
Deal
57%
Faversham
56%
Hythe
55%
Herne and Broomfield
52%
Sandwich
52%
Dymchurch
47%
Tenterden
47%
Chartham
44%
Cliffe and Cliffe Woods
44%
Minster
43%
West Malling
43%
Aylesford
41%
New Romney
40%
Chilham
39%
Cranbrook & Sissinghurst
39%
Edenbridge
39%
Sturry
39%
Leeds
36%
Walmer
36%
Bearsted
35%
Headcorn
33%
Hever
33%
Queenborough
33%
Sheerness
33%
Penshurst
32%
Harrietsham
31%
Lamberhurst
31%
Paddock Wood
31%
Borough Green
29%
Ightham
29%
Kemsing
29%
Lympne
29%
Stone
29%
Teynham
29%
Westerham
29%
Lenham
28%
Otford
28%
Biddenden
27%
Chiddingstone
27%
Cobham
27%
Lydd
27%
Marden
27%
Sutton
27%
Charing
25%
Meopham
25%
Newington
25%
Pluckley
25%
Selling
25%
Snodland
25%
Staple
25%
Swanley
25%
Thanington
25%
Aylesham
24%
Birchington
24%
Blean
24%
Brook
24%
Hildenborough
24%
Ringwould with Kingsdown
24%
Staplehurst
24%
Appledore
23%
Boughton Monchelsea
23%
Brookland
23%
Kings Hill
23%
Yalding
23%
Cuxton
21%
Eynsford
21%
Halling
21%
Higham
21%
Saltwood
21%
Wrotham
21%
Barming
20%
Chestfield
20%
Goudhurst
20%
Hollingbourne
20%
Isle of Grain
20%
Iwade
20%
Leigh
20%
Longfield and New Barn
20%
Oare
20%
Shepherdswell with Coldred
20%
Sutton Valence
20%
Wateringbury
20%
Adisham
19%
Bean
19%
Bridge
19%
Eastchurch
19%
Harbledown and Rough Common
19%
Leysdown
19%
Manston
19%
Monkton
19%
Ospringe
19%
Shoreham
19%
Swanscombe and Greenhithe
19%
West Farleigh
19%
Allhallows
17%
Bapchild
17%
Capel
17%
Doddington
17%
Dunkirk
17%
East Farleigh
17%
Farningham
17%
Hextable
17%
Kennington
17%
Langley
17%
Lyminge
17%
River
17%
Smarden
17%
Southborough
17%
Westgate-on-Sea
17%
Wingham
17%
Addington
16%
Barham
16%
Bredgar
16%
Cowden
16%
Coxheath
16%
Darenth
16%
Ditton
16%
East Peckham
16%
Elham
16%
Frittenden
16%
Hawkhurst
16%
Old Romney
16%
Pembury
16%
Sandgate
16%
Trottiscliffe
16%
Upchurch
16%
Whitfield
16%
Wormshill
16%
Bobbing
15%
Boxley
15%
Challock
15%
Detling
15%
Godmersham
15%
Great Chart with Singleton
15%
Hernhill
15%
Hersden
15%
Ivychurch
15%
Kingsnorth
15%
Leybourne
15%
Little Chart
15%
Loose
15%
Mereworth
15%
Minster-on-Sea
15%
Seal
15%
Sellindge
15%
Sevington
15%
Shadoxhurst
15%
St. Margaret's at Cliffe
15%
Stoke
15%
Tonge
15%
Warden
15%
Acol
13%
Bethersden
13%
Borden
13%
Brasted
13%
Brenchley and Matfield
13%
Broomfield and Kingswood
13%
Chart Sutton
13%
East Malling and Larkfield
13%
Eastry
13%
Fawkham
13%
Graveney with Goodnestone
13%
Hadlow
13%
Hartley
13%
Hawkinge
13%
High Halden
13%
High Halstow
13%
Hoo St. Werburgh
13%
Horsmonden
13%
Knockholt
13%
Littlebourne
13%
Lower Halstow
13%
Lydden
13%
Otham
13%
Rodmersham
13%
Rolvenden
13%
Ryarsh
13%
Sevenoaks Weald
13%
Sheldwich
13%
Southfleet
13%
Speldhurst
13%
St. Nicholas at Wade
13%
Sundridge with Ide Hill
13%
Teston
13%
Vigo
13%
West Peckham
13%
Wickhambreaux
13%
Acrise
12%
Alkham
12%
Badgers Mount
12%
Bidborough
12%
Birling
12%
Boughton Malherbe
12%
Boughton under Blean
12%
Brenzett
12%
Capel-le-Ferne
12%
Cooling
12%
Fordwich
12%
Halstead
12%
Hartlip
12%
Hothfield
12%
Hunton
12%
Kingston
12%
Linton
12%
Milstead
12%
Molash
12%
Nettlestead
12%
Newchurch
12%
Newnham
12%
Plaxtol
12%
Ripple
12%
Riverhead
12%
Sarre
12%
Shipbourne
12%
Shorne
12%
Stanhope
12%
Stansted
12%
Stelling Minnis
12%
Stockbury
12%
Tovil
12%
West Kingsdown
12%
Westwell
12%
Wilmington
12%
Woodchurch
12%
Woodnesborough
12%
Worth
12%
Wye with Hinxhill
12%
Aldington
11%
Bekesbourne-with-Patrixbourne
11%
Benenden
11%
Bilsington
11%
Boughton Aluph
11%
Bredhurst
11%
Burham
11%
Burmarsh
11%
Chevening
11%
Chislet
11%
Cliffsend
11%
Collier Street
11%
Crundale
11%
Denton with Wootton
11%
Downswood
11%
Dunton Green
11%
East Sutton
11%
Eastwell
11%
Egerton
11%
Eythorne
11%
Frinsted
11%
Hoath
11%
Horton Kirby and South Darenth
11%
Kenardington
11%
Langdon
11%
Lower Hardres and Nackington
11%
Luddenham
11%
Luddesdown
11%
Newenden
11%
Offham
11%
Postling
11%
Preston
11%
Ruckinge
11%
Sandhurst
11%
Sholden
11%
Smeeth
11%
Snargate
11%
South Willesborough & Newtown
11%
Stalisfield
11%
St. Mary Hoo
11%
St. Mary in the Marsh
11%
Temple Ewell
11%
Thurnham
11%
Ulcombe
11%
Wichling
11%
Wouldham
11%
Badlesmere
9%
Bicknor
9%
Bonnington
9%
Brabourne
9%
Broadstairs and St. Peters
9%
Crockenhill
9%
Guston
9%
Hackington
9%
Hucking
9%
Mersham
9%
Nonington
9%
Northbourne
9%
Orlestone
9%
Paddlesworth
9%
Petham
9%
Platt
9%
Rusthall
9%
Stone-cum-Ebony
9%
Stourmouth
9%
Stowting
9%
Sutton-at-Hone and Hawley
9%
Swingfield
9%
Tilmanstone
9%
Tunstall
9%
Upper Hardres
9%
Waltham
9%
Warehorne
9%
Wittersham
9%
Womenswold
9%
Eastling
8%
Elmsted
8%
Frindsbury Extra
8%
Goodnestone
8%
Great Mongeham
8%
Hastingleigh
8%
Hougham Without
8%
Ickham and Well
8%
Leaveland
8%
Lynsted with Kingsdown
8%
Monks Horton
8%
Otterden
8%
Stanford
8%
Throwley
8%
Westbere
8%
Ash-cum-Ridley
7%
Bishopsbourne
7%

Score Distribution

Percentile by Number Answered

Percent of People with Each Score

Your Score History

You have not taken this quiz